00747nac a22001931u 4500020001500000082002000015090001500035100003400050245009900084260006400183300007800247650002000325650002100345650002500366700001700391942002200408999001500430952010800445 a0521855241 a338.54222bAi99 c2363d2363 aAizenman, Joshua  aManaging economic volatility and crisesba practitioner's guidecJoshua Aizenman , Brian Pinto aCambridge ; New YorkbCambridge University Press,2005c2005 axv, 595 p. : ill. ;bIncludes bibliographical references and indexc25 cm aBusiness cycles aFinancial crises aEconomic development aPinto, Brian cBBk338.54222Ai99 c2363d2363 00104070aMAINbMAINc1STd2007-04-11ePurchasel0o338.54222 AIZp000001689r2025-07-15 00:00:00yBB